[Event "Moscow op-A 20th"]
[Site "Moscow"]
[Date "2024.07.19"]
[Round "6"]
[White "Volkov, Maksim"]
[Black "Yarikov, Artem"]
[Result "1/2-1/2"]
[WhiteElo "2333"]
[BlackElo "2048"]
[PlyCount "119"]
[EventDate "2024.07.16"]
[EventType "swiss"]
[EventRounds "9"]
[EventCountry "RUS"]
[SourceTitle "CBM 221 Extra"]
[Source "ChessBase"]
[SourceDate "2024.09.30"]
[SourceVersion "1"]
[SourceVersionDate "2024.09.30"]
[SourceQuality "1"]

1. d4 Nf6 2. c4 e6 3. g3 c5 4. d5 exd5 5. cxd5 d6 6. Nc3 g6 7. Bg2 Bg7 8. Nf3 0-0 9. 0-0 Re8 10. Bf4 Bf5 11. Nh4 Bc8 12. Qd2 a6 13. a4 Qe7 14. Rfe1 Nbd7 15. Nf3 Rb8 16. Rab1 Qf8 17. h3 Nh5 18. Be3 b5 19. axb5 axb5 20. g4 Nhf6 21. b4 Ba6 22. Bf4 h5 23. g5 Ne4 24. Nxe4 Rxe4 25. bxc5 dxc5 26. Bxb8 Qxb8 27. Qa5 Qd6 28. Rxb5 Bxb5 29. Qxb5 Qxd5 30. Nh2 Qd2 31. Bxe4 Qxe1+ 32. Nf1 Qb4 33. Qc6 Ne5 34. Qa8+ Kh7 35. f4 Nc4 36. f5 Nd6 37. fxg6+ fxg6 38. Bd5 Nc8 39. e3 Ne7 40. Be6 Qh4 41. Qg2 c4 42. Qg3 Qe4 43. Qd6 Nf5 44. Qd5 Qxd5 45. Bxd5 c3 46. Bb3 Be5 47. Kf2 Kg7 48. Ke2 Kf8 49. Bc2 h4 50. Kf3 Ke7 51. Kg4 Kd6 52. Bb1 Kc5 53. e4 Nd4 54. Ne3 Kb4 55. Kxh4 Nf3+ 56. Kg4 Nh2+ 57. Kh4 Kc5 58. Nd5 Kd4 59. Ne7 Nf3+ 60. Kg4 1/2-1/2

[Event "Titled Tuesday intern op 02nd Jul Early"]
[Site "Chess.com INT"]
[Date "2024.07.02"]
[Round "4"]
[White "Guevara Sanchez, Erick Marvin"]
[Black "Yarikov, Artem"]
[Result "1-0"]
[WhiteElo "2040"]
[BlackElo "2048"]
[PlyCount "101"]
[EventDate "2024.07.02"]
[EventType "swiss (blitz)"]
[EventRounds "11"]
[EventCountry "USA"]
[SourceTitle "EXT 2025"]
[Source "ChessBase"]
[SourceDate "2024.10.14"]
[SourceVersion "1"]
[SourceVersionDate "2024.10.14"]
[SourceQuality "1"]

1. e4 e6 2. d4 d5 3. Nc3 dxe4 4. Nxe4 Nd7 5. Nf3 Ngf6 6. Bg5 Be7 7. Bxf6 gxf6 8. Bd3 f5 9. Ned2 Nf6 10. Qe2 a6 11. c3 b5 12. Ne5 Bb7 13. Ndf3 Rg8 14. Rg1 Qd5 15. a4 bxa4 16. Rxa4 Nh5 17. Bxa6 Bxa6 18. Rxa6 Nf4 19. Rxa8+ Qxa8 20. Qb5+ Kf8 21. Nd7+ Ke8 22. Nf6+ Kf8 23. Nxg8 Qe4+ 24. Kd2 Kxg8 25. Re1 Qa8 26. Qe5 Nxg2 27. Qg3+ Kf8 28. Qxg2 Qa2 29. Kc2 Qa4+ 30. Kb1 Qb5 31. Ne5 f6 32. Qc6 Qa5 33. Nd7+ Kf7 34. Qxe6+ Kg6 35. Qxe7 Qa6 36. Qxf6+ Qxf6 37. Nxf6 Kxf6 38. Re5 f4 39. Rc5 h5 40. Rxc7 Kg5 41. Rc5+ Kg4 42. Kc2 Kf3 43. Rxh5 Kxf2 44. Rf5 f3 45. Rxf3+ Kxf3 46. d5 Ke4 47. d6 Kd5 48. d7 Kc5 49. d8Q Kc6 50. Qe8+ Kb7 51. Qe3 1-0

[Event "Titled Tuesday intern op 02nd Jul Early"]
[Site "Chess.com INT"]
[Date "2024.07.02"]
[Round "1"]
[White "Yarikov, Artem"]
[Black "Zhao, Jun"]
[Result "0-1"]
[WhiteElo "2048"]
[BlackElo "2538"]
[PlyCount "68"]
[EventDate "2024.07.02"]
[EventType "swiss (blitz)"]
[EventRounds "11"]
[EventCountry "USA"]
[SourceTitle "EXT 2025"]
[Source "ChessBase"]
[SourceDate "2024.10.14"]
[SourceVersion "1"]
[SourceVersionDate "2024.10.14"]
[SourceQuality "1"]

1. Nf3 d5 2. c4 e6 3. g3 Nf6 4. Bg2 Be7 5. 0-0 0-0 6. d4 dxc4 7. Ne5 Nc6 8. Bxc6 bxc6 9. Nxc6 Qe8 10. Nxe7+ Qxe7 11. Qa4 e5 12. dxe5 Qxe5 13. Qxc4 Be6 14. Qc3 Qxe2 15. Re1 Qh5 16. Bf4 Nd5 17. Qe5 Qh3 18. Nc3 Nxc3 19. bxc3 h6 20. Rad1 c6 21. Rd6 Bd5 22. Rxd5 cxd5 23. Qxd5 Rfe8 24. Rd1 Rac8 25. c4 Re2 26. c5 Rce8 27. Bd2 Rxf2 28. Kxf2 Qxh2+ 29. Qg2 Re2+ 30. Kxe2 Qxg2+ 31. Kd3 Qd5+ 32. Ke2 Qxc5 33. Be3 Qc4+ 34. Ke1 Qxa2 0-1

[Event "RUS-chT2"]
[Site "Sochi"]
[Date "2024.05.09"]
[Round "8.7"]
[White "Yarikov, Artem"]
[Black "Zablotsky, Sergei"]
[Result "0-1"]
[WhiteElo "1979"]
[BlackElo "2464"]
[PlyCount "76"]
[EventDate "2024.05.01"]
[EventType "team-swiss"]
[EventRounds "9"]
[EventCountry "RUS"]
[SourceTitle "CBM 220 Extra"]
[Source "ChessBase"]
[SourceDate "2024.07.31"]
[SourceVersion "1"]
[SourceVersionDate "2024.07.31"]
[SourceQuality "1"]
[WhiteTeam "Moscow Russian ChSchool"]
[BlackTeam "Krasnoyarsk Region Enisey"]
[WhiteTeamCountry "RUS"]
[BlackTeamCountry "RUS"]

1. e4 c5 2. Nf3 Nc6 3. Bb5 Nf6 4. Bxc6 dxc6 5. d3 Bg4 6. h3 Bh5 7. g4 Bg6 8. Ne5 Nd7 9. Nxg6 hxg6 10. Be3 e5 11. Nd2 Be7 12. Nf3 Qc7 13. c3 Nf8 14. Qa4 Ne6 15. 0-0-0 b5 16. Qc2 Rd8 17. Kb1 Rd7 18. h4 a6 19. h5 gxh5 20. gxh5 Bf6 21. Qe2 Kd8 22. Nh4 Kc8 23. Nf5 Kb7 24. h6 g6 25. Nh4 Bxh4 26. Rxh4 Qd8 27. Rhh1 Qf6 28. Qg4 Rdd8 29. Rh3 Rh7 30. Kc2 g5 31. Rdh1 Qg6 32. Rh5 c4 33. Qf5 Rxd3 34. Qxe5 Rd5 35. Qg3 Qxe4+ 36. Kc1 f5 37. Bd4 Rxd4 38. cxd4 Nxd4 0-1

[Event "RUS-chT2"]
[Site "Sochi"]
[Date "2024.05.03"]
[Round "3.15"]
[White "Golovanev, Vladimir"]
[Black "Yarikov, Artem"]
[Result "1-0"]
[WhiteElo "2149"]
[BlackElo "1979"]
[PlyCount "73"]
[EventDate "2024.05.01"]
[EventType "team-swiss"]
[EventRounds "9"]
[EventCountry "RUS"]
[SourceTitle "CBM 220 Extra"]
[Source "ChessBase"]
[SourceDate "2024.07.31"]
[SourceVersion "1"]
[SourceVersionDate "2024.07.31"]
[SourceQuality "1"]
[WhiteTeam "Rostovskaya oblast Gambit"]
[BlackTeam "Moscow Russian ChSchool"]
[WhiteTeamCountry "RUS"]
[BlackTeamCountry "RUS"]

1. d4 Nf6 2. c4 e6 3. Nc3 Bb4 4. e3 0-0 5. Nge2 Re8 6. a3 Bf8 7. d5 d6 8. g3 exd5 9. cxd5 Nbd7 10. Bg2 a6 11. 0-0 b5 12. b3 Bb7 13. Nd4 g6 14. Bb2 Bg7 15. Rc1 Ne5 16. h3 Rc8 17. f4 Ned7 18. e4 Nc5 19. Qc2 Nh5 20. Nce2 Qe7 21. e5 dxe5 22. fxe5 Qxe5 23. Qxc5 Nxg3 24. Nxg3 Qxg3 25. Rc3 Qg5 26. Rc2 Bf8 27. Qc3 Re3 28. Bc1 Rce8 29. Bxe3 Rxe3 30. Qd2 Bh6 31. Nc6 Bc8 32. Rf3 Bf5 33. Rc3 Be4 34. Qxe3 Qh4 35. Qf2 Qg5 36. Rg3 Qxd5 37. Ne7+ 1-0

[Event "Moscow-ch op Superfinal"]
[Site "Ershovo"]
[Date "2024.02.27"]
[Round "7"]
[White "Arakelyan, Manvel"]
[Black "Yarikov, Artem"]
[Result "1/2-1/2"]
[WhiteElo "2023"]
[BlackElo "2216"]
[PlyCount "55"]
[EventDate "2024.02.23"]
[EventType "swiss"]
[EventRounds "10"]
[EventCountry "RUS"]
[SourceTitle "CBM 219 Extra"]
[Source "ChessBase"]
[SourceDate "2024.05.31"]
[SourceVersion "1"]
[SourceVersionDate "2024.05.31"]
[SourceQuality "1"]

1. e4 c5 2. Nf3 d6 3. d4 cxd4 4. Nxd4 Nf6 5. Nc3 a6 6. h3 b5 7. g4 Bb7 8. Bg2 g6 9. 0-0 Nbd7 10. Re1 e5 11. Nde2 h5 12. g5 Nh7 13. h4 Be7 14. Nd5 0-0 15. Ng3 Nb6 16. b3 Nxd5 17. exd5 f6 18. Qd3 Kg7 19. f4 exf4 20. Nxh5+ gxh5 21. g6 f5 22. gxh7 Bc8 23. Bxf4 Bxh4 24. Re2 Qf6 25. Rf1 Kxh7 26. Qf3 Qg6 27. Kh1 Ra7 28. Bh3 1/2-1/2

[Event "AUT-ch"]
[Site "Vienna"]
[Date "2023.07.30"]
[Round "9"]
[White "Yarikov, Artem"]
[Black "Kindermann, Stefan"]
[Result "1/2-1/2"]
[WhiteElo "2022"]
[BlackElo "2459"]
[PlyCount "183"]
[EventDate "2023.07.22"]
[EventType "swiss"]
[EventRounds "9"]
[EventCountry "AUT"]
[SourceTitle "CBM 215 Extra"]
[Source "ChessBase"]
[SourceDate "2023.09.30"]
[SourceVersion "1"]
[SourceVersionDate "2023.09.30"]
[SourceQuality "1"]

1. Nf3 d5 2. c4 c6 3. g3 Bg4 4. Bg2 e6 5. 0-0 Nf6 6. h3 Bh5 7. d3 Nbd7 8. Nbd2 Bd6 9. b3 0-0 10. Bb2 Qe7 11. Rc1 Ba3 12. Qc2 a5 13. e4 dxe4 14. dxe4 Bxb2 15. Qxb2 e5 16. Rfe1 Rfe8 17. Re3 Nc5 18. Qb1 Red8 19. a3 Ne6 20. b4 axb4 21. axb4 c5 22. bxc5 Nxc5 23. Nb3 Bxf3 24. Bxf3 Nfd7 25. Rd1 Nxb3 26. Rxb3 Nc5 27. Rb5 Rxd1+ 28. Qxd1 Rd8 29. Qa1 g6 30. Qa5 Rc8 31. Qb6 Rc6 32. Qa7 Qd6 33. Kg2 Qd4 34. Qa2 Rf6 35. Qe2 Rd6 36. h4 h5 37. Rb1 Qc3 38. Qb2 Qxb2 39. Rxb2 Rd4 40. Rc2 Kf8 41. Kf1 Ke7 42. Ke2 Kd6 43. Ke3 Rd3+ 44. Ke2 Kc6 45. Bg2 Ra3 46. Bf1 Ne6 47. Kd2 Nd4 48. Rb2 b6 49. Be2 Kc5 50. Bd1 Ra1 51. Be2 Ra3 52. Bd1 Kc6 53. g4 hxg4 54. Bxg4 Nf3+ 55. Bxf3 Rxf3 56. Ke2 Rf4 57. Ke3 Rxh4 58. Rb5 f6 59. Rd5 Rh3+ 60. f3 g5 61. Ke2 Rh2+ 62. Kd3 g4 63. fxg4 Rg2 64. Rb5 Rg3+ 65. Kd2 Rxg4 66. Kd3 Rg3+ 67. Kd2 Rg7 68. Ke3 Ra7 69. Rd5 Ra3+ 70. Kd2 Ra5 71. Rd8 Kc5 72. Rb8 Ra4 73. Kd3 Ra3+ 74. Kd2 Kd4 75. Rxb6 Ra2+ 76. Ke1 Ke3 77. Kd1 Rd2+ 78. Kc1 Rd4 79. c5 Rc4+ 80. Kd1 Rxc5 81. Rxf6 Ra5 82. Rh6 Ra1+ 83. Kc2 Ra4 84. Rh3+ Ke2 85. Rh2+ Kf3 86. Rh3+ Kg4 87. Rb3 Rd4 88. Rd3 Rxe4 89. Kd2 Rd4 90. Rxd4+ exd4 91. Kd3 Kf4 92. Kxd4 1/2-1/2

[Event "AUT-ch"]
[Site "Vienna"]
[Date "2023.07.24"]
[Round "3"]
[White "Baidetsky, Valentin"]
[Black "Yarikov, Artem"]
[Result "0-1"]
[WhiteElo "2492"]
[BlackElo "2022"]
[PlyCount "74"]
[EventDate "2023.07.22"]
[EventType "swiss"]
[EventRounds "9"]
[EventCountry "AUT"]
[SourceTitle "CBM 215 Extra"]
[Source "ChessBase"]
[SourceDate "2023.09.30"]
[SourceVersion "1"]
[SourceVersionDate "2023.09.30"]
[SourceQuality "1"]

1. e4 e5 2. Nf3 Nc6 3. Bc4 Bc5 4. d3 Nf6 5. Bg5 h6 6. Bh4 0-0 7. 0-0 g5 8. Bg3 d6 9. c3 Bg4 10. h3 Bh5 11. Nbd2 a5 12. Qa4 Bb6 13. Rae1 Kh8 14. Kh1 Bxf3 15. Nxf3 Nh5 16. Qd1 Qf6 17. Bb5 Ne7 18. d4 Nf4 19. Bh2 Rad8 20. Ng1 exd4 21. g3 Ne6 22. f4 dxc3 23. bxc3 Qxc3 24. Bd3 c5 25. Bb1 c4 26. h4 f6 27. Qh5 Ng8 28. hxg5 fxg5 29. e5 Nc5 30. Nh3 Nd3 31. Qg6 g4 32. Ng5 hxg5 33. Qh5+ Kg7 34. Qxg5+ Kh7 35. Bg1 Bxg1 36. Re2 dxe5 37. Rxg1 Rd6 0-1

[Event "Sochi City Park op"]
[Site "Sochi"]
[Date "2022.09.19"]
[Round "5"]
[White "Yarikov, Artem"]
[Black "Zakaryan, David"]
[Result "0-1"]
[WhiteElo "1998"]
[BlackElo "2336"]
[PlyCount "120"]
[EventDate "2022.09.15"]
[EventType "swiss"]
[EventRounds "9"]
[EventCountry "RUS"]
[SourceTitle "EXT 2023"]
[Source "ChessBase"]
[SourceDate "2022.10.05"]
[SourceVersion "1"]
[SourceVersionDate "2022.10.05"]
[SourceQuality "1"]

1. d4 Nf6 2. c4 e6 3. Nf3 d5 4. Nc3 Bb4 5. Qa4+ Nc6 6. e3 0-0 7. Bd2 Qe8 8. Qc2 dxc4 9. Bxc4 e5 10. dxe5 Nxe5 11. Be2 Nxf3+ 12. gxf3 Qc6 13. Rc1 Rd8 14. a3 Be7 15. Nb5 Qxc2 16. Rxc2 c6 17. Nd4 c5 18. Nb3 Bf5 19. Rc1 Rac8 20. e4 Be6 21. Na5 b6 22. Nc4 b5 23. Ne5 c4 24. Rg1 g6 25. Ba5 Re8 26. Rd1 a6 27. Bc3 Red8 28. Rxd8+ Bxd8 29. Bd1 Kf8 30. Bc2 Nh5 31. Ng4 a5 32. Ne3 Nf4 33. Be5 Nh3 34. Rg3 f6 35. Bd6+ Be7 36. Bxe7+ Kxe7 37. Nf5+ Bxf5 38. exf5 Nf4 39. fxg6 hxg6 40. Bxg6 c3 41. bxc3 Rxc3 42. Be4 Rxa3 43. Rg7+ Ke6 44. Rb7 Rb3 45. Kd2 f5 46. Kc2 a4 47. Bc6 Ne2 48. Bd7+ Kd6 49. Be8 Nd4+ 50. Kc1 a3 51. Ra7 b4 52. h4 Rb2 53. Bf7 Ne2+ 54. Kd1 Nc3+ 55. Kc1 Ne2+ 56. Kd1 a2 57. Bxa2 Nc3+ 58. Kc1 Rxa2 59. Rb7 Rxf2 60. h5 Ke5 0-1

[Event "Sochi City Park op"]
[Site "Sochi"]
[Date "2022.09.17"]
[Round "3"]
[White "Lugovskoy, Maxim"]
[Black "Yarikov, Artem"]
[Result "1/2-1/2"]
[WhiteElo "2397"]
[BlackElo "1998"]
[PlyCount "42"]
[EventDate "2022.09.15"]
[EventType "swiss"]
[EventRounds "9"]
[EventCountry "RUS"]
[SourceTitle "EXT 2023"]
[Source "ChessBase"]
[SourceDate "2022.10.05"]
[SourceVersion "1"]
[SourceVersionDate "2022.10.05"]
[SourceQuality "1"]

1. e4 e5 2. Nf3 Nc6 3. Nc3 Nf6 4. Bb5 Bb4 5. 0-0 0-0 6. d3 d6 7. Bxc6 bxc6 8. Ne2 Re8 9. Ng3 d5 10. c3 Bd6 11. Re1 h6 12. h3 a5 13. Qc2 c5 14. c4 d4 15. Nh4 Nh5 16. Nhf5 Nxg3 17. fxg3 Bxf5 18. exf5 e4 19. Rxe4 Rxe4 20. dxe4 Bxg3 21. Bd2 Qh4 1/2-1/2

[Event "Moscow op-A 18th"]
[Site "Moscow"]
[Date "2022.07.14"]
[Round "1"]
[White "Yarikov, Artem"]
[Black "Lobanov, Sergei"]
[Result "0-1"]
[WhiteElo "1993"]
[BlackElo "2532"]
[PlyCount "94"]
[EventDate "2022.07.14"]
[EventType "swiss"]
[EventRounds "9"]
[EventCountry "RUS"]
[SourceTitle "CBM 209 Extra"]
[Source "ChessBase"]
[SourceDate "2022.09.30"]
[SourceVersion "1"]
[SourceVersionDate "2022.09.30"]
[SourceQuality "1"]

1. d4 Nf6 2. c4 e6 3. Nf3 d5 4. Nc3 Nbd7 5. Bf4 Bb4 6. e3 c5 7. a3 Bxc3+ 8. bxc3 Qa5 9. Qb3 b6 10. Rc1 Bb7 11. Nd2 0-0 12. Be2 cxd4 13. exd4 dxc4 14. Nxc4 Qf5 15. Bd6 Ne4 16. 0-0 Qd5 17. Bf3 Rfc8 18. Bxe4 Qxe4 19. Ne3 Nf6 20. Qd1 Nd5 21. Qd2 Rc6 22. Bg3 Rac8 23. Nd1 Nxc3 24. Nxc3 Rxc3 25. f3 Qc6 26. Bf4 h6 27. Qb2 Qa4 28. Qb4 Qxa3 29. Qxa3 Rxa3 30. Ra1 Rcc3 31. Bd6 Rxa1 32. Rxa1 a6 33. Rb1 b5 34. Rb2 Bd5 35. Kf2 Bc4 36. Bb4 Rd3 37. Rb1 Rxd4 38. Ra1 Bb3 39. Be7 Rd2+ 40. Kg3 Ba2 41. Bb4 Rc2 42. h4 h5 43. Kh3 f6 44. g4 hxg4+ 45. fxg4 Rb2 46. Ba5 b4 47. Bxb4 Rb3+ 0-1

[Event "Gelendzhik op"]
[Site "Gelendzhik"]
[Date "2022.05.25"]
[Round "8"]
[White "Zakaryan, David"]
[Black "Yarikov, Artem"]
[Result "1-0"]
[WhiteElo "2313"]
[BlackElo "1995"]
[PlyCount "145"]
[EventDate "2022.05.18"]
[EventType "swiss"]
[EventRounds "9"]
[EventCountry "RUS"]
[SourceTitle "CBM 208 Extra"]
[Source "ChessBase"]
[SourceDate "2022.07.31"]
[SourceVersion "1"]
[SourceVersionDate "2022.07.31"]
[SourceQuality "1"]

1. e4 e6 2. d4 d5 3. e5 c5 4. c3 Qa5 5. dxc5 Qc7 6. Nf3 Bxc5 7. Bd3 Nc6 8. Qe2 a6 9. 0-0 Nge7 10. b4 Bb6 11. a3 Bd7 12. Nbd2 Ng6 13. Bxg6 fxg6 14. Bb2 Ne7 15. c4 dxc4 16. Nxc4 Bb5 17. Rfc1 0-0 18. Bd4 Bxd4 19. Nxd4 Rac8 20. Nxe6 Bxc4 21. Qd1 Qxe5 22. Nxf8 Kxf8 23. Qf3+ Qf6 24. Qxb7 Qc6 25. Qa7 Nf5 26. a4 Nd6 27. Qd4 Nf5 28. Qa7 Nd6 29. Qd4 Nf5 30. Qf4 Qf6 31. Rd1 Be6 32. Rac1 Rxc1 33. Rxc1 Bd7 34. Qb8+ Ke7 35. b5 axb5 36. axb5 Qd6 37. Re1+ Kf7 38. Qxd6 Nxd6 39. b6 Bc6 40. Rc1 Be4 41. f3 Ba8 42. Rc7+ Kf6 43. Rd7 Nb7 44. Kf2 h6 45. Ke3 g5 46. Kd4 Ke6 47. Rxg7 Nd6 48. Rg6+ Ke7 49. Kc5 Nf7 50. Rg8 Bb7 51. Kd4 Kd7 52. Rg6 Ke7 53. Ke3 Nd6 54. g4 Nf7 55. f4 gxf4+ 56. Kxf4 Ba8 57. h4 Bb7 58. Rg8 Kf6 59. Rf8 Ke7 60. Rg8 Kf6 61. Rb8 Nd6 62. h5 Bc6 63. Rh8 Kg7 64. Rd8 Nb7 65. Rc8 Bh1 66. Ke5 Bf3 67. Rc7+ Kg8 68. Kf4 Bh1 69. Kf5 Nd6+ 70. Ke6 Nb7 71. Kf6 Nd6 72. Rd7 Nb7 73. Kg6 1-0

[Event "Gelendzhik op"]
[Site "Gelendzhik"]
[Date "2022.05.24"]
[Round "7"]
[White "Yarikov, Artem"]
[Black "Gochelashvili, David"]
[Result "1/2-1/2"]
[WhiteElo "1995"]
[BlackElo "2393"]
[PlyCount "86"]
[EventDate "2022.05.18"]
[EventType "swiss"]
[EventRounds "9"]
[EventCountry "RUS"]
[SourceTitle "CBM 208 Extra"]
[Source "ChessBase"]
[SourceDate "2022.07.31"]
[SourceVersion "1"]
[SourceVersionDate "2022.07.31"]
[SourceQuality "1"]

1. d4 Nf6 2. c4 c5 3. d5 e6 4. Nc3 exd5 5. cxd5 d6 6. Nf3 g6 7. Nd2 Bg7 8. e4 0-0 9. Be2 Ne8 10. 0-0 f5 11. f3 f4 12. Nc4 Nd7 13. a4 Ne5 14. Bd2 g5 15. Rb1 Bd7 16. Qb3 b6 17. Nb5 h5 18. Nbxd6 Nxd6 19. Nxd6 Bxa4 20. Qxa4 Qxd6 21. b4 c4 22. Rfc1 g4 23. Kh1 a6 24. Qd1 b5 25. Bc3 g3 26. h3 Nf7 27. Bxg7 Kxg7 28. Qd4+ Qf6 29. Qd2 Rfe8 30. Ra1 Kh6 31. Ra3 Red8 32. Rca1 Rd6 33. Qa2 Qd4 34. Rd1 Qe5 35. Qd2 Rg8 36. Rda1 Rgg6 37. R1a2 Kh7 38. Bf1 Kg8 39. Be2 Kf8 40. Kg1 Ke7 41. Kf1 Kd7 42. Ke1 Kc7 43. Qc3 Qxc3+ 1/2-1/2

[Event "Gelendzhik op"]
[Site "Gelendzhik"]
[Date "2022.05.18"]
[Round "1"]
[White "Yarikov, Artem"]
[Black "Demidov, Mikhail"]
[Result "0-1"]
[WhiteElo "1995"]
[BlackElo "2571"]
[PlyCount "105"]
[EventDate "2022.05.18"]
[EventType "swiss"]
[EventRounds "9"]
[EventCountry "RUS"]
[SourceTitle "CBM 208 Extra"]
[Source "ChessBase"]
[SourceDate "2022.07.31"]
[SourceVersion "1"]
[SourceVersionDate "2022.07.31"]
[SourceQuality "1"]

1. d4 Nf6 2. c4 e6 3. Nf3 d5 4. Nc3 Ne4 5. Qc2 Nxc3 6. bxc3 dxc4 7. a4 c5 8. e3 cxd4 9. cxd4 Bb4+ 10. Bd2 Bxd2+ 11. Nxd2 Nc6 12. Bxc4 Bd7 13. 0-0 0-0 14. Qb2 Na5 15. Bb5 Rc8 16. Qb4 Nc6 17. Qb2 Qe7 18. Rfb1 Rc7 19. a5 Rfc8 20. Ne4 h6 21. h3 a6 22. Bd3 Na7 23. Nc5 Bb5 24. Be4 e5 25. Bxb7 Rxb7 26. Nxb7 exd4 27. Qxd4 Qxb7 28. Rd1 Nc6 29. Qg4 Ne5 30. Qf5 Ng6 31. Rd4 Qc7 32. h4 Nf8 33. Qg4 Ne6 34. Rdd1 Qc3 35. Kh2 Rc4 36. Qg3 Qf6 37. f4 Nc5 38. Rac1 Ne4 39. Qe1 Rxc1 40. Rxc1 Qg6 41. Rd1 Kh7 42. Rd4 f5 43. Rd5 Nf6 44. Rc5 Bc6 45. Rc2 Be4 46. Rb2 Ng4+ 47. Kh3 Qc6 48. Kg3 Qc5 49. Re2 Bd3 50. Rd2 Qxa5 51. Qc1 Be4 52. Rd7 Qa2 53. Qd1 0-1

[Event "Moscow op-A 17th"]
[Site "Moscow"]
[Date "2021.02.25"]
[Round "6"]
[White "Zemlyanskii, Ivan"]
[Black "Yarikov, Artem"]
[Result "1-0"]
[WhiteElo "1950"]
[BlackElo "1778"]
[PlyCount "73"]
[EventDate "2021.02.20"]
[EventType "swiss"]
[EventRounds "9"]
[EventCountry "RUS"]
[SourceTitle "CBM 200 Extra"]
[Source "ChessBase"]
[SourceDate "2021.03.31"]
[SourceVersion "1"]
[SourceVersionDate "2021.03.31"]
[SourceQuality "1"]

1. e4 c5 2. Nf3 Nc6 3. d4 cxd4 4. Nxd4 Nf6 5. Nc3 e5 6. Ndb5 d6 7. Bg5 a6 8. Na3 b5 9. Bxf6 gxf6 10. Nd5 Bg7 11. g3 Be6 12. Bg2 0-0 13. 0-0 Bxd5 14. Qxd5 Qc7 15. c3 Rac8 16. Rac1 Rfd8 17. Nc2 Na5 18. Bh3 Rb8 19. Qd1 Nc6 20. Ne3 Ne7 21. Qf3 Qb7 22. Rcd1 Qc6 23. Rd3 a5 24. Rfd1 Rb6 25. Nd5 Nxd5 26. exd5 Qc7 27. b3 b4 28. c4 a4 29. Re3 axb3 30. axb3 Ra6 31. Re4 Rda8 32. Rg4 Kh8 33. Qf5 Ra1 34. Rxa1 Rxa1+ 35. Bf1 Ra2 36. Bd3 Kg8 37. Qxf6 1-0

[Event "Moscow op-A 17th"]
[Site "Moscow"]
[Date "2021.02.21"]
[Round "2"]
[White "Yarikov, Artem"]
[Black "Safin, Robert"]
[Result "1/2-1/2"]
[WhiteElo "1778"]
[BlackElo "2283"]
[PlyCount "86"]
[EventDate "2021.02.20"]
[EventType "swiss"]
[EventRounds "9"]
[EventCountry "RUS"]
[SourceTitle "CBM 200 Extra"]
[Source "ChessBase"]
[SourceDate "2021.03.31"]
[SourceVersion "1"]
[SourceVersionDate "2021.03.31"]
[SourceQuality "1"]

1. e4 c5 2. Nf3 e6 3. d4 cxd4 4. Nxd4 Nf6 5. Nc3 Nc6 6. a3 Be7 7. Be2 d5 8. exd5 Nxd5 9. Nxc6 bxc6 10. Nxd5 exd5 11. Be3 c5 12. Bf3 Be6 13. 0-0 Rc8 14. c3 0-0 15. Qd2 Qd7 16. Rfd1 Rfd8 17. b4 a5 18. Bxc5 Bxc5 19. bxc5 Rxc5 20. Qd4 Qc7 21. Rac1 Rc8 22. Rd3 h6 23. h3 Rb8 24. Qa4 Rb2 25. Rcd1 Rc4 26. Qe8+ Kh7 27. Rxd5 Bxd5 28. Bxd5 Rb8 29. Qxb8 Qxb8 30. Bxc4 Qb2 31. a4 Qxc3 32. Bb5 g5 33. Rf1 Qd2 34. Kh1 h5 35. Kg1 Kg7 36. Kh1 h4 37. f4 g4 38. hxg4 f5 39. g5 Kg6 40. Be8+ Kg7 41. Bb5 Qe3 42. Kh2 Kg6 43. Rf3 Qe4 1/2-1/2

[Event "Sochi Amateur U12 op 6th"]
[Site "Sochi"]
[Date "2019.04.13"]
[Round "9"]
[White "Yarikov, Artem"]
[Black "Chaplygin, Ilya"]
[Result "1-0"]
[WhiteElo "1751"]
[BlackElo "1198"]
[PlyCount "101"]
[EventDate "2019.04.07"]
[EventType "swiss"]
[EventRounds "9"]
[EventCountry "RUS"]
[SourceTitle "EXT 2021"]
[Source "ChessBase"]
[SourceDate "2020.10.23"]
[SourceVersion "1"]
[SourceVersionDate "2020.10.23"]
[SourceQuality "1"]

1. e4 c6 2. d4 d5 3. Nc3 dxe4 4. Nxe4 Nd7 5. Nf3 Ngf6 6. Ng3 e6 7. c3 Be7 8. Bd3 h6 9. Bf4 0-0 10. 0-0 b6 11. Ne4 c5 12. Nd6 Qc7 13. Nxc8 Qxc8 14. Qe2 Qb7 15. Rfe1 Rfd8 16. Ba6 Qd5 17. c4 Qf5 18. Bc7 Rf8 19. d5 Nxd5 20. cxd5 Qxd5 21. Rad1 Qc6 22. Bb5 Qxc7 23. Rxd7 Qf4 24. Rxe7 Rfd8 25. Rd7 Rxd7 26. Bxd7 a6 27. Bxe6 fxe6 28. Qxe6+ Kh8 29. Qxb6 Qb4 30. Qxb4 cxb4 31. Re4 a5 32. Kf1 Rc8 33. b3 Rc1+ 34. Re1 Rc2 35. Re2 Rc1+ 36. Ne1 Ra1 37. f3 g5 38. Kf2 Kg7 39. Nd3 Kf6 40. Nc5 Rh1 41. h3 Rd1 42. Ne4+ Kf5 43. Rd2 Rxd2+ 44. Nxd2 Ke5 45. Ke3 Kd5 46. Nc4 a4 47. Nb6+ Ke5 48. Nxa4 h5 49. Nb2 h4 50. Nd3+ Kd6 51. Nxb4 1-0

[Event "Sochi Amateur U12 op 6th"]
[Site "Sochi"]
[Date "2019.04.12"]
[Round "8"]
[White "Orazalina, Nursulu"]
[Black "Yarikov, Artem"]
[Result "1-0"]
[WhiteElo "1427"]
[BlackElo "1751"]
[PlyCount "67"]
[EventDate "2019.04.07"]
[EventType "swiss"]
[EventRounds "9"]
[EventCountry "RUS"]
[SourceTitle "EXT 2021"]
[Source "ChessBase"]
[SourceDate "2020.10.23"]
[SourceVersion "1"]
[SourceVersionDate "2020.10.23"]
[SourceQuality "1"]

1. e4 d6 2. d4 Nf6 3. Nc3 g6 4. g3 Bg7 5. Bg2 0-0 6. Nge2 Nbd7 7. 0-0 c6 8. a4 a5 9. h3 Qc7 10. f4 Rd8 11. Be3 Nb6 12. b3 d5 13. e5 Ne8 14. g4 f5 15. Ng3 e6 16. h4 Bf8 17. h5 Ng7 18. hxg6 hxg6 19. Bf3 c5 20. Nb5 Qc6 21. dxc5 Bxc5 22. Nd4 Qc7 23. Kf2 Nd7 24. c3 b6 25. Rh1 Nf8 26. gxf5 gxf5 27. Nh5 Nxh5 28. Bxh5 Rd7 29. Qf3 Rh7 30. Rag1+ Kh8 31. Qg3 Qg7 32. Qxg7+ Rxg7 33. Bf7+ Nh7 34. Rxh7+ 1-0

[Event "Sochi Amateur U12 op 6th"]
[Site "Sochi"]
[Date "2019.04.10"]
[Round "5"]
[White "Gasparov, Sergo G"]
[Black "Yarikov, Artem"]
[Result "1-0"]
[WhiteElo "1414"]
[BlackElo "1751"]
[PlyCount "83"]
[EventDate "2019.04.07"]
[EventType "swiss"]
[EventRounds "9"]
[EventCountry "RUS"]
[SourceTitle "EXT 2021"]
[Source "ChessBase"]
[SourceDate "2020.10.23"]
[SourceVersion "1"]
[SourceVersionDate "2020.10.23"]
[SourceQuality "1"]

1. e4 d6 2. d4 Nf6 3. Nc3 g6 4. Nf3 Bg7 5. h3 0-0 6. Be3 c6 7. Be2 Qc7 8. 0-0 Nbd7 9. Qd2 Re8 10. a4 b6 11. Bh6 e5 12. Bxg7 Kxg7 13. Rad1 Bb7 14. dxe5 dxe5 15. Nh2 Nc5 16. Qe3 Ne6 17. Bc4 Rad8 18. Rxd8 Qxd8 19. Bxe6 Rxe6 20. Rd1 Rd6 21. Rf1 Rd2 22. Nf3 Rxc2 23. Nxe5 Rxb2 24. Rd1 Qe7 25. Ng4 Nxg4 26. hxg4 Rb4 27. g5 a5 28. Qf3 c5 29. Nd5 Bxd5 30. exd5 Rd4 31. Rxd4 cxd4 32. Qf4 Kf8 33. d6 Qd8 34. Qe5 f6 35. Qxd4 Qc8 36. d7 Qc1+ 37. Kh2 Qc7+ 38. g3 Ke7 39. gxf6+ Kd8 40. f7 Qc5 41. Qxc5 bxc5 42. f8Q+ 1-0